000
00408nam a2200145Ia 4500
008
090124s9999 xx 000 0 und d
082
_b
303796
245
_a
मोहर मैत्रीचा
250
_a
1
260
_b
पाठक यशवंत
_c
1999
300
_a
149
630
_a
मोहर मैत्रीचा
730
_a
मोहर मैत्रीचा
942
_c
BOOK
999
_c
193433
_d
193433